000 01844 a2200253 4500
999 _c442383
_d442383
003 UA-OsUOA
005 20191223223708.0
008 191002b un ||||| |||| 00| 0 ukr d
020 _a9789661771573
040 _aUA-OsUOA
_bukr
_cUA-OsUOA
_dUA-OsUOA
041 _aukr
080 _a140.8
090 _a140.8
_bЦ61
100 _aЦимбал Т. В.
245 _aФеномен еміграції : досвід філософської рефлексії
_bмонографія
_cТ. В. Цимбал
260 _c2012
_aКиїв ; Кривий Ріг
300 _a396 с.
520 _aУ монографії вперше в історії вітчизняної філософської думки в концептуалізованій формі представлене соціально-філософське розуміння феномену еміграції в контексті авторської концепції буттєвісного укорінення людини. Розкрито сутність еміграції, досліджено генезу та механізм її функціонування в різні історичні періоди, розроблено понятійний апарат, здійснено класифікацію просторової мобільності людей, подано характеристику рушійних сил та особливостей еміграції в різних типах суспільства.
650 _a140 Можливі філософські системи. Системна типологія
700 1 _aЦимбал Т. В.
942 _cBK
_2udc
955 _a1